| 000 | 00784nam a2200229 a 4500 | ||
|---|---|---|---|
| 001 | 66378 | ||
| 003 | BD-RjUL | ||
| 005 | 20211209081533.0 | ||
| 008 | 170315s1964 enka 001 0 eng d | ||
| 035 | _a(BD-RjUL)66508 | ||
| 040 |
_aDLC _cFBA _dBD-RjUL _beng |
||
| 041 | _aeng | ||
| 082 |
_a621.3815 _223 _bSOL 1964 |
||
| 245 | 1 | 0 |
_aSolid circuits and microminiaturization : _bproceedings of the conference held at West Ham College of Technology, June 1963 / _cEdited by G. W. A. Dummer |
| 260 |
_aLondon : _bPergamon Press, _c1964. |
||
| 300 |
_a346 p. : _bill. ; _c24 cm. |
||
| 500 | _aIncludes index. | ||
| 650 | 0 |
_aElectronic circuits _vCongresses. _9196435 |
|
| 650 | 0 |
_aMinature electronic equiptment _xCongresses. _9196436 |
|
| 700 |
_aDummer, G. W. A. _9196437 |
||
| 942 |
_2ddc _cBK |
||
| 999 |
_c66378 _d66378 |
||